Loading...
Geography | 1 | 2 | 0 | 0 | 35 | 10 | 85.33 | 1 | 1 |
Social Science | 0 | 3 | 0 | 1 | 30 | 70 | 104.00 | 0 | 1 |
History - European History | 0 | 3 | 0 | 0 | 30 | 138 | 143.33 | 0 | 1 |
Science - Other Science | 1 | 0 | 0 | 0 | 15 | 52 | 52.00 | 1 | 1 |
History - Other History | 0 | 1 | 0 | 0 | 10 | 111 | 111.00 | 0 | 0 |
History - World History | 0 | 2 | 2 | 1 | 10 | 111 | 124.50 | 0 | 1 |
Other Academic | 0 | 1 | 0 | 0 | 10 | 146 | 146.00 | 0 | 0 |
Modern World | 0 | 1 | 0 | 0 | 10 | 128 | 128.00 | 0 | 1 |
Fine Arts - Classical Music and Opera | 0 | 1 | 0 | 1 | 10 | 156 | 156.00 | 0 | 1 |
Fine Arts - Other Fine Arts | 0 | 1 | 0 | 0 | 10 | 108 | 108.00 | 0 | 1 |
Fine Arts - Visual Fine Arts | 0 | 1 | 0 | 0 | 10 | 121 | 121.00 | 0 | 1 |
History - US History | 0 | 1 | 1 | 0 | 5 | 83 | 83.00 | 0 | 1 |
Literature - American Literature | 0 | 0 | 0 | 0 | 0 | 0.00 | 0 | 0 | |
Science - Astronomy | 0 | 0 | 1 | 0 | -5 | 0.00 | 0 | 0 | |
Beliefs | 0 | 0 | 1 | 0 | -5 | 0.00 | 0 | 0 |